Fun with mathematics math-a-magic / (Record no. 169685)

MARC details
000 -LEADER
fixed length control field 00648nam a22001937a 4500
005 - DATE AND TIME OF LATEST TRANSACTION
control field 20191129105907.0
010 ## - LCCN (DPL NO)
LC control number B-731097
020 ## - INTERNATIONAL STANDARD BOOK NUMBER
International Standard Book Number 9788190960243
Terms of availability 350.00
035 ## - SYSTEM CONTROL NUMBER
System control number B-731097
037 ## - SOURCE OF ACQUISITION
Source of stock number/acquisition Books Solution
082 ## - DEWEY DECIMAL CLASSIFICATION NUMBER
Classification number 510
100 ## - MAIN ENTRY--PERSONAL NAME
Personal name Sharma Monica
245 ## - TITLE STATEMENT
Title Fun with mathematics math-a-magic /
Statement of responsibility, etc by Monica Sharma
260 ## - PUBLICATION, DISTRIBUTION, ETC. (IMPRINT)
Place of publication, distribution, etc Delhi
Name of publisher, distributor, etc Books Solution
Date of publication, distribution, etc 2018
270 ## - ADDRESS
Address 6/85, Karkari Road, Shahdara
City Delhi
Postal code 110032
300 ## - PHYSICAL DESCRIPTION
Extent 166p.:
Other physical details ill.
Dimensions 23cm(Hb)
942 ## - ADDED ENTRY ELEMENTS (KOHA)
Source of classification or shelving scheme Dewey Decimal Classification
Item type English Books
Call number suffix SHA
Classification part 510
Holdings
Withdrawn status Lost status Not for loan Collection code Home library Current library Date acquired Source of acquisition Cost, normal purchase price Full call number Barcode Copy number Cost, replacement price Koha item type
      Non-fiction Central Library Central Library 29/11/2019 Gift/ Eng./13.11.2019 350.00 510 SHA B-731097 1 350.00 English Books

© Delhi Public Library
Hit Counter
free hit counter